Регионална библиотека "Любен Каравелов" - Русе

Проблемите на юношеството (Запис номер 144567)

MARC детайли
000 -Лидер
Контролно поле с фиксирана дължина 01991nam a2200421 c 4500
003 - Код на организацията, давaща контролен номер
Контролно поле BLK
005 - Дата и час на последна редакция
Контролно поле 20220322084809.0
008 - Елементи от данни с фиксирана дължина
fixed length control field 180410b bul|||||r ||||||| ||bul||
010 ## - Наследен системен номер
LC control number KNG00150723000
020 ## - Международен стандартен номер на книга ISBN
Международен стандартен номер на книга ISBN 978-954-92349-4-7
-- издат.: Център за психосоциална подкрепа - (Център за психосоциална подкрепа)
020 ## - Международен стандартен номер на книга ISBN
Международен стандартен номер на книга ISBN 978-954-91725-7-7
-- издат.: Бълг. пространство за психоанализа - (Бълг. пространство за психоанализа)
040 ## - Източник на каталожния запис
Идентификатор на билиотеката - собственик на записа BLK
041 ## - Код за език
Код за езика на текст/звукозапис или на отделно заглавие Български
Код за езика КДБФ Български
072 #7 - Код за тематичната категория
Код организация bullib
Код за тематична категория Н15
Текст Психология Н
080 ## - УДК
Текстов определител УДК Психология на юношите
УДК код - определител по УДК 159.922.8
УДК определител
УДК - код + определител 159.922.8
100 1# - Редна дума - Автор
Автор Деларош, Патрик
Авторска отговорност първи автор
R(LIN) 284215
139 ## - Редно поле
Редна дума Деларош, Патрик
Авторски знак Дел - Д 36
245 10 - Сведения за заглавието
Заглавие Проблемите на юношеството
Редно поле (дума) Патрик Деларош; прев. от фр. Розалина Бисерова Дочева.
257 ## - Страна на издаване
Страна на създаване/издаване Франция
260 ## - Област на издателските данни
-- София
Име на издателя, разпространителя и проч. Център за психосоциална подкрепа
-- Бълг. пространство за психоанализа
Година на издаване 2011
Печатница София : Ракурс
300 ## - Физическа характеристика
Страници 200 с.
Размери/Мащаб 21 см
380 ## - Жанр
Жанр Философия
490 1# - СЕРИИ (Колекции)
Име на серия Серия Практики
500 ## - Общи забележки
Забележка Ориг. загл. Adolescence a problemes / Patrick Delaroche.
650 #4 - Допълнително описание по предмет – тема
Основно описание – тема или топоним Юноши - психология
9 (RLIN) 263551
653 ## - Ключова дума – ненормативна
Ключова дума психология на личността
653 ## - Ключова дума – ненормативна
Ключова дума пубертет
653 ## - Ключова дума – ненормативна
Ключова дума детска психология
653 ## - Ключова дума – ненормативна
Ключова дума юноши
653 ## - Ключова дума – ненормативна
Ключова дума възрастова психология
659 ## - Тематичен бюлетин
Тематичен бюлетин Н
700 1# - Други автори (авторска отговорност)
Лично име Дочева, Розалина Бисерова
Автороска отговорност (Описва отношението между автора и произведението) прев. от фр.
9 (RLIN) 379854
852 ## - Местоположение
Форматна сигнатура Цб 264777
856 4# - Електронен адрес и достъп
Електронен формат pdf - файл
Път до файла /url/
856 4# - Електронен адрес и достъп
Електронен формат pdf - файл
Път до файла /url/
942 ## - АРТИКУЛИ
Вид на библиотечния материал Книги
Скрит в OPAC Не
Koha issues (borrowed), all copies 7
944 ## - СЪЗДАВАНЕ И РЕДАКЦИЯ на ЗАПИСА
Създаване/Редакция Създаване
Дата на регистрацията/редакция 25.09.2013
Статус, дата на статуса ф /
Служител, извършил регистрацията/редакцията Геновева_Генчева
944 ## - СЪЗДАВАНЕ И РЕДАКЦИЯ на ЗАПИСА
Създаване/Редакция Редакция
Дата на регистрацията/редакция 17.02.2016
Статус, дата на статуса ф /
Служител, извършил регистрацията/редакцията Людмила_Стоянова
999 ## - СИСТЕМНИ КОНТРОЛНИ НОМЕРА
Koha biblionumber 144567
Koha biblioitemnumber 144567
Наличности
Код за отписване Код за изгубен артикул Код за повреда Коз за рестрикции Код за отдаване Артикулен № Име на библиотеката - собственик Име на библиотеката, в която се намира в момента Статус (Текущо местоположение) Дата на вписване в системата Местоположение - отдел Цена в лева Инвентарен номер Систематично азбучна сигнатура Баркод Номер на екземпляра Цена в евро Служебна бележка Служебен тип на артикула Източник на класификационната схема
  Не е изгубен Не е повреден без рестрикции ползва се в читалня 240075 Регионална библиотека "Любен Каравелов" Русе Регионална библиотека "Любен Каравелов" Русе Хранилище 2013-09-25 Хранилище 17.00 120000769707 Цб 264777 120000769707 1 8.69 Дост: Dp Вид: Д N: 26 Дата: 20.06.2012 Книги  
  Не е изгубен Не е повреден без рестрикции заемане за дома 240076 Регионална библиотека "Любен Каравелов" Русе Регионална библиотека "Любен Каравелов" Русе Заемна - подръчен фонд 2015-12-15 Заемна - подръчен фонд 11.90 120000795659 П 159.922.7/Д 36 П 120000795659 2 6.08 Дост: Pk Вид: Ф N: 396 Дата: 09.12.2015 Дата инв: 01.02.2018 Бележки инв: П2018 Книги Universal Decimal Classification
Vip Innovations Ltd, Rousse, Bulgaria 2025